Galileo: per il copernicanesimo e per la chiesa

Gorde:
Xehetasun bibliografikoak
Egile nagusia: Fantoli, Annibale (Egilea)
Formatua: Liburua
Hizkuntza:italiera
Argitaratua: Ciudad del Vaticano Libreria Editrice Vaticana 1997
Saila:Studi Galileiani, 2
Gaiak:
Etiketak: Etiketa erantsi
Etiketarik gabe, Izan zaitez lehena erregistro honi etiketa jartzen!

MARC

LEADER 00000nam a2200000 a 4500
001 UCH2981
003 CL-VaPUC
008 090709e19970000VC |||||||||||||||||ita|d
020 |a 8820923149 
082 0 4 |a 925  |b FAN  |2 21 
100 0 |a Fantoli, Annibale  |e author  |9 538067 
245 1 0 |a Galileo: per il copernicanesimo e per la chiesa 
300 |a 538 p 
942 |c BK 
945 |d 20090709 00:00:00  |a rbrito 
260 |a Ciudad del Vaticano  |b Libreria Editrice Vaticana  |c 1997 
600 0 |a Galilei, Galileo  |9 264973 
650 0 |a Biografías  |9 255210 
650 0 |a Científicos   |9 262025 
650 7 |a FISICOS  |2 CL-VaPUC  |9 263707 
583 |a last modification  |c 20090709 00:00:00  |k Rodrigo Vera 
490 0 |a Studi Galileiani, 2 
999 |c 334639  |d 334637 
952 |0 0  |1 0  |4 0  |6 925_000000000000000_FAN_1997  |7 0  |8 A  |9 423758  |a BIBCUR  |b BIBCUR  |d 2019-11-22  |i 4528522  |o 925 FAN 1997  |p 4528522  |r 2025-04-22  |w 2019-11-22  |y BK  |k FIS